| 000 | 00543nam a2200181Ia 4500 | ||
|---|---|---|---|
| 999 |
_c281 _d281 |
||
| 020 | _a0-07-006305-2 | ||
| 082 | _a519.53 BOC-; | ||
| 100 | _aBock, Darrell R. | ||
| 245 | 0 | _aMultivariate stastistical methods in behavioral research | |
| 260 |
_aNew York _bMcGraw-Hill _c0 |
||
| 300 | _axi, 623p. | ||
| 440 | _aMcGraw-Hill series in Psychology | ||
| 504 | _aIncludes references, index | ||
| 650 | _aMultivariate analysis - Graphic methods | ||
| 650 | _aPsychometrics | ||
| 650 | _aMathematical statistics - Developing countries | ||
| 942 | _cBK | ||